Baby Names: Boys & Girls (1975) Quiz Stats

 Plays Quiz Updated Oct 23, 2020

Support Sporcle.
Go Orange.
Score 0/40 Timer 10:00
9 Plays Today
Name % Correct
John
87.7%
Michael
79.5%
James
73.5%
Mary
70%
Robert
66.3%
David
65.9%
Matthew
65.6%
William
65.2%
Jennifer
62.6%
Elizabeth
61.3%
Sarah
60.7%
Mark
59.9%
Thomas
58.8%
Daniel
57.5%
Christopher
56.9%
Steven
55.6%
Jessica
52.5%
Joseph
52.2%
Richard
49.9%
Laura
45.8%
Name % Correct
Brian
45.6%
Michelle
45%
Lisa
43.6%
Amy
40.3%
Jason
39.5%
Kevin
39.2%
Eric
38.4%
Amanda
38.1%
Julie
37.7%
Christina
37.4%
Rebecca
37.3%
Stephanie
36.9%
Melissa
36%
Kelly
33.2%
Nicole
31.7%
Scott
30%
Heather
29.8%
Kimberly
29.3%
Jeffrey
27.9%
Angela
24.7%

From the Vault

What's Missing: Harry Potter II

by WackyZacky

We'd make a joke about Voldemort's nose, but that would be too easy.
Remove Ads.
Support Sporcle.
Get the best of Sporcle when you Go Orange. This ad-free experience offers more features, more stats, and more fun while also helping to support Sporcle. Thank you for becoming a member.

Show Comments

Extras

Top Quizzes Today


Score Distribution

Your Account Isn't Verified!

In order to create a playlist on Sporcle, you need to verify the email address you used during registration. Go to your Sporcle Settings to finish the process.

Report this User

Report this user for behavior that violates our Community Guidelines.

Details: